taylor swift “the tortured poets department:the anthology” full album - Statistics

General Stats
  • This quiz has been taken 12 times
  • The average score is 24 of 31
Answer Stats
track Answer % Correct
1 fortnight
100%
28 peter
100%
2 the tortured poets department
100%
22 so high school
92%
17 the black dog
92%
14 the smallest man who ever lived
92%
6 but daddy i love him
83%
16 clara bow
83%
13 i can do it with a broken heart
83%
3 my boy only breaks his favorite toys
83%
5 so long, london
83%
19 the albatross
83%
15 the alchemy
83%
26 the prophecy
83%
7 fresh out the slammer
75%
21 how did it end ?
75%
23 i hate it here
75%
12 loml
75%
30 robin
75%
29 the bolter
75%
31 the manuscript
75%
10 whos afraid of little old me ?
75%
27 cassandra
67%
20 chloe or sam or sophia or marcus
67%
4 down bad
67%
8 florida !!!
67%
9 guilty as sin ?
67%
11 i can fix him (no really i can)
67%
24 thank you aimee
67%
25 i look in peoples windows
58%
18 imgonnagetyouback
58%
No matching quizzes found
Score Distribution
Percent of People with Each Score
Percentile by Number Answered
Your Score History
You have not taken this quiz